लहानपण देगा देवा (Record no. 39702)

MARC details
000 -LEADER
fixed length control field 00670nam a2200181Ia 4500
008 - FIXED-LENGTH DATA ELEMENTS--GENERAL INFORMATION
fixed length control field 090123s9999 xx 000 0 und d
082 ## - DEWEY DECIMAL CLASSIFICATION NUMBER
Item number 1620
Classification number 891.462/कोल्हटकर
100 ## - MAIN ENTRY--PERSONAL NAME
Personal name कोल्हटकर बाळकृष्ण हरि
245 ## - TITLE STATEMENT
Title लहानपण देगा देवा
250 ## - EDITION STATEMENT
Edition statement 1
260 ## - PUBLICATION, DISTRIBUTION, ETC. (IMPRINT)
Name of publisher, distributor, etc सुलभ मु.
300 ## - PHYSICAL DESCRIPTION
Extent 102
600 ## - SUBJECT ADDED ENTRY--PERSONAL NAME
Personal name कोल्हटकर बाळकृष्ण हरि
630 ## - SUBJECT ADDED ENTRY--UNIFORM TITLE
Uniform title लहानपण देगा देवा
700 ## - ADDED ENTRY--PERSONAL NAME
Personal name कोल्हटकर बाळकृष्ण हरि
730 ## - ADDED ENTRY--UNIFORM TITLE
Uniform title लहानपण देगा देवा
942 ## - ADDED ENTRY ELEMENTS (KOHA)
Koha item type Book
Holdings
Withdrawn status Lost status Damaged status Not for loan Home library Current library Date acquired Cost, normal purchase price Total Checkouts Full call number Barcode Date last seen Cost, replacement price Price effective from Koha item type
        Jawahar Wachalanalaya, Kalwa Jawahar Wachalanalaya, Kalwa 03/31/2003 4.00   1620 KLW-1620 01/23/2009 4.00 01/23/2009 Book